000 00554nam a2200229Ia 4500
003 OSt
005 20221005121654.0
006 a|||||r|||| 00| 0
007 ta
008 221004b |||||||| |||| 00| 0 kan d
024 _a59482
037 _cTextual
040 _aCRL
_cCRL
_bkan
041 _2kan
_akan
082 _aO33:gx, L5
100 _aDharawadar
_9630951
245 0 _aHosaganade sahitya
260 _c1975
650 _aKANNAD LITERATURE
942 _hO33:gx, L5
_cTEXL
_2cc
999 _c1041901
_d1041901